Регионална библиотека "Любен Каравелов" - Русе

Родосто, Родосто... | Някъде на Балканите | Дер Зор (Запис номер 80330)

MARC детайли
000 -Лидер
Контролно поле с фиксирана дължина 01242nam a2200325 c 4500
003 - Код на организацията, давaща контролен номер
Контролно поле BLK
005 - Дата и час на последна редакция
Контролно поле 20210719165203.0
008 - Елементи от данни с фиксирана дължина
fixed length control field 180408b bul|||||r ||||||| ||bul||
010 ## - Наследен системен номер
LC control number KNG00084815000
020 ## - Международен стандартен номер на книга ISBN
Международен стандартен номер на книга ISBN 978-954-28-0223-5
-- издат.: Сиела Софт енд Паблишинг
040 ## - Източник на каталожния запис
Идентификатор на билиотеката - собственик на записа BLK
041 ## - Код за език
Код за езика на текст/звукозапис или на отделно заглавие Български
Код за езика КДБФ Български
080 ## - УДК
Текстов определител УДК Българска литература
УДК код - определител по УДК 821.163.2
УДК определител -31
УДК - код + определител 821.163.2-31
100 1# - Редна дума - Автор
Автор Севан, Севда
Авторска отговорност първи автор
Автор - информация (биография) Бахчеджян, Франсухи Кеворк
R(LIN) 119320
139 ## - Редно поле
Редна дума Севан, Севда
Авторски знак Се - С 30
245 10 - Сведения за заглавието
Заглавие Родосто, Родосто...
Редно поле (дума) Севда Севан.
245 10 - Сведения за заглавието
Заглавие Някъде на Балканите
Подзаглавни данни
Редно поле (дума)
245 10 - Сведения за заглавието
Заглавие Дер Зор
Подзаглавни данни
Редно поле (дума)
250 ## - Област на изданието
Сведения за изданието 6. изд.
257 ## - Страна на издаване
Страна на създаване/издаване България
260 ## - Област на издателските данни
-- София
Име на издателя, разпространителя и проч. Сиела Софт енд Паблишинг
Година на издаване 2008
300 ## - Физическа характеристика
Страници 443 с.
Размери/Мащаб 21 см
380 ## - Жанр
Жанр Худож. лит.
500 ## - Общи забележки
Забележка Севда Севан - псевд. на Франсухи Кеворк Бахчеджян. - 1. изд. 1996 на изд. Христо Ботев
852 ## - Местоположение
Форматна сигнатура Цб 240718
856 4# - Електронен адрес и достъп
Електронен формат pdf - файл
Път до файла /url/
856 4# - Електронен адрес и достъп
Електронен формат pdf - файл
Път до файла /url/
942 ## - АРТИКУЛИ
Вид на библиотечния материал Книги
Скрит в OPAC Не
Koha issues (borrowed), all copies 6
944 ## - СЪЗДАВАНЕ И РЕДАКЦИЯ на ЗАПИСА
Създаване/Редакция Създаване
Дата на регистрацията/редакция 13.08.2008
Служител, извършил регистрацията/редакцията Геновева_Генчева
944 ## - СЪЗДАВАНЕ И РЕДАКЦИЯ на ЗАПИСА
Създаване/Редакция Редакция
Дата на регистрацията/редакция 21.07.2009
Служител, извършил регистрацията/редакцията
999 ## - СИСТЕМНИ КОНТРОЛНИ НОМЕРА
Koha biblionumber 80330
Koha biblioitemnumber 80330
Наличности
Код за отписване Код за изгубен артикул Източник на класификационната схема Код за повреда Коз за рестрикции Код за отдаване Артикулен № Име на библиотеката - собственик Име на библиотеката, в която се намира в момента Статус (Текущо местоположение) Дата на вписване в системата Местоположение - отдел Цена в лева Инвентарен номер Систематично азбучна сигнатура Баркод Номер на екземпляра Цена в евро Служебна бележка Служебен тип на артикула
  Не е изгубен Universal Decimal Classification Не е повреден без рестрикции заемане за дома 130172 Регионална библиотека "Любен Каравелов" Русе Регионална библиотека "Любен Каравелов" Русе Заемна - подръчен фонд 2008-08-13 Заемна - подръчен фонд 14.00 120000727916 П 886.7-31/С 30 120000727916 1 7.16 Дост: Pk Вид: Ф N: 6870 Дата: 01.08.2008 Дата инв: 12.02.2018 Бележки инв: П2018 Книги
  Не е изгубен   Не е повреден без рестрикции ползва се в читалня 130173 Регионална библиотека "Любен Каравелов" Русе Регионална библиотека "Любен Каравелов" Русе Хранилище 2009-07-13 Хранилище 14.00 120000736974 Цб 240718 120000736974 2 7.16 Дост: Dp Вид: Д N: 7 Дата: 04.02.2009 Книги
Vip Innovations Ltd, Rousse, Bulgaria 2025